000 nam a22 7a 4500
999 _c8674
_d8674
008 180118b ||||| |||| 00| 0 eng d
100 _aSahgal. A
_95037
245 _aEnvironment Studies
260 _aNew Delhi
_bS. Chand Publication
_c2009